| 000 | 00458nam a22001697a 4500 | ||
|---|---|---|---|
| 003 | NUST - PNEC | ||
| 005 | 20170116180808.0 | ||
| 008 | 150423b xxu||||| |||| 00| 0 eng d | ||
| 020 | _a9698152008 | ||
| 040 | _cLIBRARY | ||
| 082 | _a358.44 ISH | ||
| 100 |
_93126 _a Ali Syed Ishfaq |
||
| 245 |
_aFangs of ice : The story of Siachen _cSyed Ishfaq Ali |
||
| 260 |
_aRawalpindi : _bPak American Commercial ; _cc1991. |
||
| 300 | _a161 p. : | ||
| 942 |
_2ddc _cBK |
||
| 999 |
_c63260 _d63260 |
||